| 000 | 00601nam a2200205Ia 4500 | ||
|---|---|---|---|
| 005 | 20250508155401.0 | ||
| 008 | 008 250505s9999 xx 000 0 eng d | ||
| 037 | _aTextual | ||
| 040 |
_aFEDL _beng _cFEDL |
||
| 041 |
_aeng _2eng |
||
| 084 |
_a301.4310973, MAC _qFEDL |
||
| 100 |
_aMaclver R.V. Ed. _9766943 |
||
| 245 | 0 | _aDilemmas of youth : In america today | |
| 260 |
_aNew York, USA _bHarper and Brothers _c1961 |
||
| 300 | _a141p. | ||
| 490 | _aReligion and Civilization Series | ||
| 650 | _aSociology | ||
| 942 |
_cTEXL _h301.4310973, MAC |
||
| 999 |
_c1356379 _d1356379 |
||